Catalog

Record Details

Catalog Search



Available copies

  • 2 of 2 copies available at LARL/NWRL Consortium.

Current holds

0 current holds with 2 total copies.

Show Only Available Copies
Location Call Number / Copy Notes Barcode Shelving Location Status Due Date
Greenbush Public Library GEA (Text) 35500002718623 Main Available -
Roseau Public Library GEA (Text) 35500002718631 Main Available -

Record details

  • ISBN: 0312865317
  • Physical Description: 364 p. : maps ; 25 cm.
  • Publisher: New York : Forge, c1999.
Subject: Indians of North America > New Mexico > Chaco Canyon > Fiction.
Prehistoric peoples > New Mexico > Chaco Canyon > Fiction.
Pueblo Indians > Fiction.
Chaco Canyon (N.M.) > Fiction.
Genre: Historical fiction.
Occult fiction.
LDR 01393nam a2200337Ia 4500
00127101
003LARL_NWRL_CONSORTIUM
00519990804083658.0
008990615s1999 nyub b 000 1 eng c
020 . ‡a0312865317
035 . ‡a(OCoLC)41542760
099 . ‡aGea
1001 . ‡aGear, Kathleen O'Neal. ‡0(LARL_NWRL_CONSORTIUM)106622
24514. ‡aThe visitant ‡n#1/ ‡cKathleen O'Neal Gear, W. Michael Gear.
260 . ‡aNew York : ‡bForge, ‡cc1999.
300 . ‡a364 p. : ‡bmaps ; ‡c25 cm.
4900 . ‡aAnasazi mystery ; ‡v1
650 0. ‡aIndians of North America ‡zNew Mexico ‡zChaco Canyon ‡vFiction.
650 0. ‡aPrehistoric peoples ‡zNew Mexico ‡zChaco Canyon ‡vFiction.
650 0. ‡aPueblo Indians ‡vFiction. ‡0(LARL_NWRL_CONSORTIUM)166934
651 0. ‡aChaco Canyon (N.M.) ‡vFiction.
655 7. ‡aHistorical fiction. ‡2gsafd
655 7. ‡aOccult fiction. ‡2gsafd
7001 . ‡aGear, W. Michael. ‡0(LARL_NWRL_CONSORTIUM)106621
901 . ‡a27101 ‡bOCLC ‡c27101 ‡tbiblio

Additional Resources